Countries that are over 10% National Park - Statistics

General Stats
  • This quiz has been taken 21 times
    6 since last reset
  • The average score is 7 of 15
Answer Stats
% of land Country Continent % Correct
55 Bahamas North America
67%
13.2 Namibia Africa
67%
10.8 New Zealand Oceania
67%
20.8 Bhutan Asia
50%
19.3 Chile South America
50%
12.5 Colombia South America
50%
12.1 Iceland Europe
50%
23.39 Nepal Asia
50%
14.9 Paraguay South America
50%
21.76 Venezuela South America
50%
32 Zambia Africa
50%
25.1 Costa Rica North America
33%
10 Gabon Africa
33%
30 Israel Asia
33%
11.96 Thailand Asia
33%
No matching quizzes found
Score Distribution
Percent of People with Each Score
Percentile by Number Answered
Your Score History
You have not taken this quiz since the last reset